[Event "USA-ch Junior Girls 2018"]
[Site "Saint Louis"]
[Date "2018.07.20"]
[Round "8"]
[White "Wu, Rochelle"]
[Black "Morris-Suzuki, Sophie"]
[Result "0-1"]
[WhiteElo "2110"]
[BlackElo "1980"]
[Annotator "NA RC"]
[PlyCount "66"]
[EventDate "2018.07.12"]
[EventType "tourn"]
[EventCountry "USA"]
[SourceTitle "playchess.com"]
[Source "ChessBase"]
[SourceQuality "1"]
[TimeControl "40/5400+30:1800+30"]

1. d4 {[%emt 0:00:00]} d5 {[%emt 0:00:00]} 2. c4 {[%emt 0:00:00]} dxc4 {[%emt 0:00:00]} 3. Nf3 {[%emt 0:00:03]} Nf6 {[%emt 0:00:00]} 4. e3 {[%emt 0:00:23]} Bg4 {[%emt 0:00:00]} 5. Bxc4 {[%emt 0:00:41]} e6 {[%emt 0:00:00]} 6. O-O {[%emt 0:04:35]} a6 {[%emt 0:00:05]} 7. b3 {[%emt 0:05:14]} Nc6 {[%emt 0:00:44] D22: Queen's Gambit Accepted: 3 Nf3 a6 4 e3} (7... c5 8. dxc5 Qxd1 9. Rxd1 Bxc5 10. Bb2 Nc6 11. Nbd2 h6 12. Rac1 Be7 13. Be2 O-O 14. h3 Bh5 15. g4 {½-½ (36) Eljanov,P (2678)-Korobov,A (2702) Moscow 2013}) 8. Bb2 {[%emt 0:02:55]} Bd6 {[%emt 0:00:22]} 9. Nbd2 {[%emt 0:02:45]} O-O {[%emt 0:01:40]} 10. Be2 {[%emt 0:02:32]} Qe8 {[%emt 0:00:48]} 11. Nc4 {[%emt 0:02:00]} Rd8 {[%emt 0:01:36]} 12. Nxd6 {[%emt 0:01:53]} cxd6 {[%emt 0:00:13]} 13. Rc1 $146 {[%emt 0:06:08]} ({Predecessor:} 13. Nd2 Bf5 14. f3 Nd5 15. Nc4 {½-½ (33) Lundin,J (2284)-Rabiega,R (2560) Berlin 2008}) 13... e5 {[%emt 0:10:50]} 14. dxe5 {[%emt 0:05:00]} dxe5 {[%emt 0:00:22]} 15. Qe1 {[%emt 0:03:15]} Qe7 {[%emt 0:03:46]} 16. Rc4 {[%emt 0:03:49]} (16. h3 $5 {[%cal Rh3g4]} Bh5 17. Rxc6 bxc6 18. g4 $11) 16... Rfe8 {[%emt 0:12:25]} 17. h3 {[%emt 0:08:32]} Be6 {[%emt 0:20:33]} 18. Ra4 {[%emt 0:05:27]} Nd5 {[%emt 0:07:21]} 19. Qa1 {[%emt 0:11:19]} ({But not} 19. Nxe5 Nxe5 20. Bxe5 Bd7 $15) 19... Nb6 {[%emt 0:10:50]} 20. Rh4 {[%emt 0:01:22]} f6 {[%emt 0:03:34]} 21. Qb1 {[%emt 0:04:20]} f5 {[%emt 0:00:31]} 22. g3 {[%emt 0:03:24]} Qf6 {[%emt 0:00:00]} 23. Nxe5 $19 {[%emt 0:06:17]} (23. e4 $11 {and White has nothing to worry.}) 23... Nxe5 {[%emt 0:05:17]} 24. f4 {[%emt 0:00:04]} Qg6 {[%emt 0:04:34]} 25. Kf2 {[%emt 0:02:05]} Nc6 {[%emt 0:02:00]} 26. Qe1 {[%emt 0:02:00]} Bf7 {[%emt 0:03:12]} 27. Bh5 {[%emt 0:04:27]} Qd6 {[%emt 0:00:13]} 28. Bxf7+ {[%emt 0:00:55]} Kxf7 {[%emt 0:00:01]} 29. Bc3 {[%emt 0:00:46]} Nd5 {[%emt 0:01:02]} 30. Ba1 {[%emt 0:01:04]} Nxe3 {[%emt 0:00:52]} 31. Rxh7 {[%emt 0:00:54]} Qd2+ {[%emt 0:00:52]} 32. Qxd2 {[%emt 0:00:13]} Rxd2+ {[%emt 0:00:11]} 33. Kf3 {[%emt 0:00:05]} Nxf1 {[%emt 0:00:22]} 0-1

[Event "USA-ch Junior Girls 2018"]
[Site "Saint Louis"]
[Date "2018.07.20"]
[Round "8"]
[White "Vittal, Sanjana"]
[Black "Matus, Nastassja"]
[Result "1/2-1/2"]
[WhiteElo "1947"]
[BlackElo "1960"]
[Annotator "NA RC"]
[PlyCount "120"]
[EventDate "2018.07.12"]
[EventType "tourn"]
[EventCountry "USA"]
[SourceTitle "playchess.com"]
[Source "ChessBase"]
[SourceQuality "1"]
[TimeControl "40/5400+30:1800+30"]

1. e4 {[%emt 0:00:00]} c6 {[%emt 0:00:00]} 2. Nc3 {[%emt 0:00:00]} d5 {[%emt 0:00:00]} 3. Nf3 {[%emt 0:00:00]} Bg4 {[%emt 0:00:00]} 4. h3 {[%emt 0:00:00]} Bxf3 {[%emt 0:00:00]} 5. Qxf3 {[%emt 0:00:00]} e6 {[%emt 0:00:00]} 6. d3 {[%emt 0:00:10]} g6 {[%emt 0:00:40] B11: Caro-Kann (Zweispringer-Variante)} (6... Nd7 7. Bd2 Qb6 8. O-O-O Bd6 9. h4 Ne7 10. h5 Be5 11. h6 g6 12. Na4 Qc7 13. Nc3 Rc8 14. Ne2 c5 15. exd5 Nxd5 {0-1 (25) Liang,A (2572)-Mamedyarov,S (2804) chess.com INT 2018}) 7. Bd2 {[%emt 0:09:21]} Bg7 {[%emt 0:00:21]} 8. O-O-O {[%emt 0:04:10]} Nd7 {[%emt 0:00:28]} 9. g4 {[%emt 0:04:40]} Ne7 {[%emt 0:04:21]} 10. Qg3 {[%emt 0:01:36]} a5 $146 {[%emt 0:01:48]} ({Vorgänger:} 10... Qb8 11. f4 g5 12. Qh2 gxf4 13. Bxf4 Be5 14. Bxe5 Qxe5 15. Qxe5 Nxe5 {0-1 (56) Heinz,A (2317)-Mchedlishvili,M (2515) Pulvermuehle 2005}) 11. exd5 {[%emt 0:08:19]} cxd5 {[%emt 0:13:34]} (11... Nxd5 $11 {hält das Gleichgewicht.} 12. Nxd5 cxd5) 12. Nb5 {[%emt 0:02:20]} O-O {[%emt 0:02:07]} 13. d4 {[%emt 0:04:07]} Nc6 {[%emt 0:04:49]} 14. Bc3 {[%emt 0:04:55]} (14. Bf4 $16) 14... Nb6 {[%emt 0:05:07]} 15. h4 {[%emt 0:09:59]} Na4 {[%emt 0:12:49]} 16. Kb1 {[%emt 0:04:57]} ({White should try} 16. Be1 $14) 16... Nxc3+ {[%emt 0:02:28]} 17. Qxc3 {[%emt 0:00:33]} Qb6 {[%emt 0:05:52]} 18. h5 {[%emt 0:05:56]} Rfc8 {[%emt 0:09:34]} 19. Qe3 {[%emt 0:01:45]} a4 {[%emt 0:04:29]} 20. c3 {[%emt 0:11:28]} Na5 {[%emt 0:01:44]} 21. Na3 {[%emt 0:01:14]} Rc7 {[%emt 0:07:57]} 22. Qd3 {[%emt 0:03:23]} Nc4 {[%emt 0:04:17]} 23. Nxc4 {[%emt 0:00:06]} dxc4 {[%emt 0:00:13]} 24. Qc2 {[%emt 0:01:06]} a3 {[%emt 0:00:35]} 25. d5 $2 {[%emt 0:04:58]} (25. hxg6 $17 {ist zäher.} hxg6 26. Ka1) 25... exd5 {[%emt 0:02:06]} 26. Rxd5 {[%emt 0:00:07]} Qe6 {[%emt 0:02:39]} 27. Rd1 {[%emt 0:08:59]} Qxg4 {[%emt 0:03:24]} 28. hxg6 {[%emt 0:00:15]} Qxg6 {[%emt 0:02:13]} 29. Qxg6 {[%emt 0:00:52]} hxg6 {[%emt 0:00:42]} 30. Rh4 {[%emt 0:00:36]} axb2 {[%emt 0:01:53]} 31. Kxb2 {[%emt 0:00:46]} b5 {[%emt 0:00:22]} 32. Bg2 {[%emt 0:00:22]} Re8 {[%emt 0:00:29]} 33. Bf1 {[%emt 0:03:14]} b4 {[%emt 0:03:59]} 34. Rxc4 {[%emt 0:01:11]} Bxc3+ {[%emt 0:00:24]} 35. Kb1 {[%emt 0:01:19]} Ra7 {[%emt 0:01:06]} 36. Rc6 {[%emt 0:00:20]} Kg7 {[%emt 0:00:46]} 37. Bc4 {[%emt 0:00:56]} Re4 {[%emt 0:00:44]} 38. f3 {[%emt 0:03:47]} Rh4 {[%emt 0:01:01]} 39. Bb3 {[%emt 0:00:52]} Rh2 {[%emt 0:00:28]} 40. Kc1 {[%emt 0:00:00]} Rf2 {[%emt 0:00:00]} 41. Rd3 {[%emt 0:04:25]} Bb2+ {[%emt 0:07:54]} 42. Kd1 {[%emt 0:02:35]} Re7 {[%emt 0:00:53]} 43. Rc4 {[%emt 0:04:54]} Rf1+ {[%emt 0:02:56]} 44. Kc2 {[%emt 0:00:41]} Re2+ {[%emt 0:01:03]} 45. Rd2 {[%emt 0:00:05]} Rxd2+ {[%emt 0:00:22]} 46. Kxd2 {[%emt 0:00:04]} Rxf3 {[%emt 0:00:20]} 47. Ke2 {[%emt 0:00:06]} Rf5 {[%emt 0:02:30]} 48. Rxb4 {[%emt 0:00:10]} Bc3 {[%emt 0:00:31]} 49. Rc4 {[%emt 0:01:49]} Ba5 {[%emt 0:00:18]} 50. a4 $15 {[%emt 0:00:19]} Kh6 {[%emt 0:02:08]} 51. Rc6 {[%emt 0:01:43]} Kg5 {[%emt 0:01:27]} 52. Ra6 {[%emt 0:01:52]} f6 {[%emt 0:00:42]} 53. Bc2 {[%emt 0:01:15]} Rc5 {[%emt 0:01:11]} 54. Bd3 {[%emt 0:01:02]} Bc3 {[%emt 0:00:27]} 55. Bb5 {[%emt 0:03:12]} Kf4 {[%emt 0:03:24]} 56. Kd3 {[%emt 0:01:05]} Kf5 {[%emt 0:01:51]} 57. Bc4 {[%emt 0:03:16]} Be1 {[%emt 0:00:39]} 58. Bb5 {[%emt 0:02:39]} Bc3 {[%emt 0:07:21]} 59. Bc4 {[%emt 0:00:32]} Be1 {[%emt 0:01:05]} 60. Bb5 {[%emt 0:00:06]} Bc3 1/2-1/2

[Event "USA-ch Junior Girls 2018"]
[Site "Saint Louis"]
[Date "2018.07.21"]
[Round "9"]
[White "Yip, Carissa"]
[Black "Yu, Jennifer"]
[Result "1/2-1/2"]
[WhiteElo "2364"]
[BlackElo "2358"]
[Annotator "RC"]
[PlyCount "62"]
[EventDate "2018.07.12"]
[EventType "tourn"]
[EventCountry "USA"]
[SourceTitle "playchess.com"]
[Source "ChessBase"]
[SourceQuality "1"]
[TimeControl "40/5400+30:1800+30"]

1. Nf3 {[%emt 0:00:00]} d5 {[%emt 0:00:18]} 2. g3 {[%emt 0:00:00]} Nf6 {[%emt 0:00:39]} 3. Bg2 {[%emt 0:00:00]} e6 {[%emt 0:00:36]} 4. O-O {[%emt 0:00:08]} Bd6 {[%emt 0:00:32]} 5. d4 {[%emt 0:03:43]} O-O {[%emt 0:01:24]} 6. c4 {[%emt 0:00:53]} b6 {[%emt 0:02:23]} 7. Nc3 {[%emt 0:03:30]} Bb7 {[%emt 0:03:51]} 8. cxd5 {[%emt 0:02:04]} exd5 {[%emt 0:00:08]} 9. Nb5 {[%emt 0:00:07]} Be7 {[%emt 0:06:03]} 10. Bf4 {[%emt 0:01:05]} Na6 {[%emt 0:00:05]} 11. Rc1 {[%emt 0:00:29]} c6 {[%emt 0:00:39]} 12. Nc3 {[%emt 0:00:05]} Nc7 {[%emt 0:00:53]} 13. Bd2 {[%emt 0:11:42]} Ne6 {[%emt 0:02:54]} 14. e3 {[%emt 0:00:06]} Ne4 {[%emt 0:05:27]} 15. Nxe4 {[%emt 0:14:36]} dxe4 {[%emt 0:00:19]} 16. Ne5 {[%emt 0:00:34]} c5 {[%emt 0:00:14]} 17. dxc5 {[%emt 0:00:04]} Nxc5 {[%emt 0:03:46]} 18. b4 {[%emt 0:00:35]} Ne6 {[%emt 0:05:36]} 19. Nc6 {[%emt 0:00:53]} Bxc6 {[%emt 0:07:53]} 20. Rxc6 {[%emt 0:00:04]} Qd5 {[%emt 0:00:31]} 21. Qc2 {[%emt 0:01:29]} Rad8 {[%emt 0:00:46]} 22. Bc1 {[%emt 0:03:28]} Ng5 {[%emt 0:02:06]} 23. a3 {[%emt 0:07:01]} Nf3+ {[%emt 0:13:11]} 24. Bxf3 {[%emt 0:04:00]} exf3 {[%emt 0:00:09]} 25. Rc4 {[%emt 0:00:10]} Qh5 {[%emt 0:07:19]} 26. h4 {[%emt 0:03:02]} Rd6 {[%emt 0:15:43]} 27. Bb2 {[%emt 0:05:10]} Rg6 {[%emt 0:03:57]} 28. Rf4 {[%emt 0:00:31]} Rg4 {[%emt 0:07:49]} 29. Qf5 {[%emt 0:01:18]} Qxf5 {[%emt 0:00:13]} 30. Rxf5 {[%emt 0:00:04]} Bxh4 {[%emt 0:00:55]} 31. Rxf3 {[%emt 0:00:09]} Be7 {[%emt 0:03:44]} 1/2-1/2

[Event "USA-ch Junior Girls 2018"]
[Site "Saint Louis"]
[Date "2018.07.21"]
[Round "9"]
[White "Cervantes Landeiro, Thalia"]
[Black "Feng, Maggie"]
[Result "0-1"]
[WhiteElo "2208"]
[BlackElo "2236"]
[Annotator "RC"]
[PlyCount "88"]
[EventDate "2018.07.12"]
[EventType "tourn"]
[EventCountry "USA"]
[SourceTitle "playchess.com"]
[Source "ChessBase"]
[SourceQuality "1"]
[TimeControl "40/5400+30:1800+30"]

1. d4 {[%emt 0:00:00]} e6 {[%emt 0:00:18]} 2. c4 {[%emt 0:00:00]} Bb4+ {[%emt 0:01:41]} 3. Nc3 {[%emt 0:00:00]} Bxc3+ {[%emt 0:01:09]} 4. bxc3 {[%emt 0:00:00]} f5 {[%emt 0:00:07]} 5. Nf3 {[%emt 0:03:53]} Nf6 {[%emt 0:00:09]} 6. e3 {[%emt 0:01:12]} O-O {[%emt 0:01:14]} 7. Bd3 {[%emt 0:00:38]} b6 {[%emt 0:01:37]} 8. O-O {[%emt 0:00:11]} Ba6 {[%emt 0:04:45]} 9. Nd2 {[%emt 0:03:08]} Nc6 {[%emt 0:01:32]} 10. Qe2 {[%emt 0:02:22]} Na5 {[%emt 0:05:44]} 11. e4 {[%emt 0:11:35]} fxe4 {[%emt 0:12:12]} 12. Nxe4 {[%emt 0:00:15]} Nxe4 {[%emt 0:01:33]} 13. Qxe4 {[%emt 0:00:17]} g6 {[%emt 0:00:16]} 14. Qg4 {[%emt 0:14:17]} Qf6 {[%emt 0:02:41]} 15. Bg5 {[%emt 0:09:56]} Qf7 {[%emt 0:01:41]} 16. Bh6 {[%emt 0:02:21]} Rfe8 {[%emt 0:01:24]} 17. Rfe1 {[%emt 0:07:51]} Bxc4 {[%emt 0:06:01]} 18. Re3 {[%emt 0:03:22]} Bxd3 {[%emt 0:07:49]} 19. Rxd3 {[%emt 0:00:09]} Qf5 {[%emt 0:05:45]} 20. Qg3 {[%emt 0:00:24]} Qh5 {[%emt 0:00:53]} 21. Qf4 {[%emt 0:00:55]} Qf5 {[%emt 0:00:53]} 22. Qh4 {[%emt 0:05:34]} e5 {[%emt 0:05:18]} 23. Rf3 {[%emt 0:07:55]} Qe6 {[%emt 0:01:04]} 24. d5 {[%emt 0:01:43]} Qd6 {[%emt 0:01:06]} 25. Rd1 {[%emt 0:06:31]} e4 {[%emt 0:02:29]} 26. Rf6 {[%emt 0:03:51]} Qe5 {[%emt 0:00:51]} 27. Rd4 {[%emt 0:03:38]} Nb7 {[%emt 0:01:37]} 28. Bf4 {[%emt 0:05:42]} Qh5 {[%emt 0:05:22]} 29. Qxh5 {[%emt 0:01:33]} gxh5 {[%emt 0:00:07]} 30. Bxc7 {[%emt 0:02:44]} Rac8 {[%emt 0:00:59]} 31. d6 {[%emt 0:00:20]} Re5 {[%emt 0:04:55]} 32. h4 {[%emt 0:01:26]} Nc5 {[%emt 0:01:52]} 33. f4 {[%emt 0:01:54]} Ree8 {[%emt 0:04:40]} 34. Kf1 {[%emt 0:00:48]} e3 {[%emt 0:01:52]} 35. Ke2 {[%emt 0:00:09]} Ne4 {[%emt 0:00:09]} 36. Rxe4 {[%emt 0:00:47]} Rxe4 {[%emt 0:00:06]} 37. Rf5 {[%emt 0:00:27]} Rce8 {[%emt 0:00:52]} 38. g3 {[%emt 0:00:08]} Ra4 {[%emt 0:00:18]} 39. Rg5+ {[%emt 0:00:28]} Kf7 {[%emt 0:01:09]} 40. Rf5+ {[%emt 0:00:00]} Kg6 {[%emt 0:00:45]} 41. Rg5+ {[%emt 0:01:04]} Kf6 {[%emt 0:03:05]} 42. Re5 {[%emt 0:01:09]} Rxe5 {[%emt 0:00:16]} 43. fxe5+ {[%emt 0:00:10]} Kxe5 {[%emt 0:00:05]} 44. Kxe3 {[%emt 0:00:04]} Rxa2 {[%emt 0:00:08]} 0-1

[Event "USA-ch Junior Girls 2018"]
[Site "Saint Louis"]
[Date "2018.07.21"]
[Round "9"]
[White "Samadashvili, Martha"]
[Black "Wu, Rochelle"]
[Result "1/2-1/2"]
[WhiteElo "2040"]
[BlackElo "2110"]
[Annotator "NA"]
[PlyCount "163"]
[EventDate "2018.07.12"]
[EventType "tourn"]
[EventCountry "USA"]
[SourceTitle "playchess.com"]
[Source "ChessBase"]
[SourceQuality "1"]
[TimeControl "40/5400+30:1800+30"]

1. e4 {[%emt 0:00:00]} c5 {[%emt 0:00:08]} 2. Nf3 {[%emt 0:00:00]} d6 {[%emt 0:00:04]} 3. Bb5+ {[%emt 0:00:00]} Bd7 {[%emt 0:00:21]} 4. Bxd7+ {[%emt 0:00:00]} Qxd7 {[%emt 0:00:30]} 5. c4 {[%emt 0:00:15]} Nf6 {[%emt 0:00:22]} 6. Nc3 {[%emt 0:00:06]} g6 {[%emt 0:00:36] B52: Sicilian: Moscow Variation with 3...Bd7} 7. d4 {[%emt 0:00:39]} cxd4 {[%emt 0:00:30]} 8. Nxd4 {[%emt 0:00:04]} Bg7 {[%emt 0:00:31]} 9. f3 {[%emt 0:00:20]} (9. h3 Qc7 10. b3 Qa5 11. Bd2 Nxe4 12. Nxe4 Qe5 13. Qb1 f5 14. Bc3 Qxe4+ 15. Qxe4 fxe4 {1-0 (47) Malakhov,V (2691)-Timofeev,A (2579) Sochi 2018}) 9... O-O {[%emt 0:00:28]} 10. O-O {[%emt 0:00:09]} Rc8 {[%emt 0:00:32]} 11. b3 {[%emt 0:00:38]} d5 {[%emt 0:01:01]} 12. e5 {[%emt 0:26:23]} Ne8 {[%emt 0:03:07]} 13. Nxd5 {[%emt 0:07:18]} e6 {[%emt 0:01:09]} 14. Nc3 {[%emt 0:06:40]} Bxe5 {[%emt 0:01:46]} 15. Be3 {[%emt 0:03:45]} Rd8 {[%emt 0:01:56]} 16. Nde2 {[%emt 0:01:38]} Qc7 {[%emt 0:02:48]} 17. Qc2 {[%emt 0:06:31]} Bxh2+ {[%emt 0:00:44]} 18. Kh1 $146 {[%emt 0:00:33]} Qe5 {[%emt 0:01:11]} 19. Qe4 {[%emt 0:03:22]} Qh5 {[%emt 0:01:44]} 20. Qg4 {[%emt 0:00:56]} Qxg4 {[%emt 0:00:05]} 21. fxg4 {[%emt 0:00:04]} Be5 {[%emt 0:00:30]} 22. Rad1 {[%emt 0:00:21]} Nc6 {[%emt 0:00:16]} 23. Ne4 {[%emt 0:01:31]} Bg7 {[%emt 0:05:38]} 24. g5 {[%emt 0:05:47]} b6 {[%emt 0:06:33]} 25. c5 {[%emt 0:04:07]} bxc5 {[%emt 0:03:47]} 26. Bxc5 {[%emt 0:00:13]} Be5 {[%emt 0:02:23]} 27. b4 {[%emt 0:04:26]} a6 {[%emt 0:00:13]} 28. a4 {[%emt 0:01:48]} Nc7 {[%emt 0:03:06]} 29. N2c3 {[%emt 0:03:57]} Rxd1 {[%emt 0:09:41]} 30. Rxd1 {[%emt 0:00:14]} Rd8 {[%emt 0:01:29]} 31. Rb1 {[%emt 0:05:05]} Bxc3 {[%emt 0:05:52]} 32. Nxc3 {[%emt 0:00:06]} Nd5 {[%emt 0:01:15]} 33. Ne4 {[%emt 0:08:24] [#]} (33. Nxd5 $1 $11 {bleibt in der Remisbreite.} Rxd5 34. Be3) 33... Rb8 $2 {[%emt 0:14:07]} (33... Ncxb4 $1 $17 {[%mdl 512] hält den Druck.} 34. Rxb4 (34. Bxb4 $2 Rb8 $19) 34... Nxb4 35. Bxb4 Rd4 36. Nf6+ Kh8) 34. b5 {[%emt 0:01:08]} axb5 {[%emt 0:00:10]} 35. axb5 {[%emt 0:00:21]} Kg7 {[%emt 0:02:44]} 36. b6 {[%emt 0:02:04]} Nd8 {[%emt 0:01:14]} 37. Bd6 {[%emt 0:02:36]} Rb7 {[%emt 0:05:26]} 38. Nc5 {[%emt 0:01:19]} Rxb6 {[%emt 0:00:05]} 39. Rxb6 {[%emt 0:00:07]} Nxb6 {[%emt 0:00:03]} 40. Be5+ {[%emt 0:00:00]} Kg8 {[%emt 0:00:32]} 41. Bc7 {[%emt 0:01:13]} Nd5 {[%emt 0:00:21]} 42. Bxd8 {[%emt 0:00:06]} Kg7 {[%emt 0:01:09]} 43. Ne4 {[%emt 0:01:50]} h6 {[%emt 0:05:34]} 44. Kh2 {[%emt 0:01:49]} hxg5 {[%emt 0:00:05]} 45. Nxg5 {[%emt 0:00:27]} Ne3 {[%emt 0:00:15]} 46. Kg3 {[%emt 0:00:43]} Nf5+ {[%emt 0:00:21]} 47. Kf4 {[%emt 0:00:33]} Nd4 {[%emt 0:00:42]} ({Lieber} 47... Nd6 48. Ke5 Nc4+ 49. Kd4 Nd6) 48. Ne4 {[%emt 0:05:21]} e5+ {[%emt 0:07:13]} 49. Ke3 {[%emt 0:00:33]} f5 {[%emt 0:00:56]} 50. Bf6+ {[%emt 0:02:30]} Kh6 {[%emt 0:01:11]} 51. Bxe5 {[%emt 0:01:43]} Ne6 {[%emt 0:00:11]} 52. Nd6 {[%emt 0:01:16]} Kh5 {[%emt 0:00:54]} 53. Kf3 {[%emt 0:00:44]} Nc5 {[%emt 0:01:32]} 54. Bf6 {[%emt 0:02:46]} Nd7 {[%emt 0:00:56]} 55. Bd4 {[%emt 0:00:19]} Nf8 {[%emt 0:00:28]} 56. Be3 {[%emt 0:02:31]} Ne6 {[%emt 0:00:37]} 57. g3 $2 {[%emt 0:01:52]} (57. Bb6 $142) 57... Nc7 $1 {[%emt 0:00:48]} 58. Nf7 {[%emt 0:01:06]} Ne6 {[%emt 0:00:26]} 59. Nd6 {[%emt 0:02:41]} ({Lieber} 59. Ne5 $16) 59... Nc7 {[%emt 0:00:08]} 60. Bc1 {[%emt 0:01:11]} Ne6 {[%emt 0:00:42]} 61. Bb2 {[%emt 0:00:57]} Ng5+ {[%emt 0:00:26] [#]} 62. Kf4 $2 {[%emt 0:00:48]} Nh3+ $11 {[%emt 0:00:23]} 63. Kf3 {[%emt 0:00:45]} Ng5+ {[%emt 0:00:06] [#]} {Weiss braucht} 64. Kg2 $1 $18 {[%emt 0:00:02]} Ne6 {[%emt 0:00:45]} 65. Bc1 {[%emt 0:04:42]} f4 {[%emt 0:01:18]} 66. Ne8 {[%emt 0:01:28]} g5 {[%emt 0:00:36]} 67. gxf4 {[%emt 0:00:18]} gxf4 {[%emt 0:00:12]} 68. Kf3 {[%emt 0:00:38]} Kg6 {[%emt 0:00:14]} 69. Kg4 {[%emt 0:00:20]} Nd4 {[%emt 0:00:55]} 70. Bxf4 {[%emt 0:00:14]} Nb5 {[%emt 0:00:23]} 71. Be5 {[%emt 0:00:30]} Na7 {[%emt 0:00:24]} 72. Nd6 {[%emt 0:00:19]} Nc6 {[%emt 0:00:07]} 73. Bb2 {[%emt 0:00:08]} Ne7 {[%emt 0:00:34]} 74. Nc4 {[%emt 0:00:23]} Kf7 {[%emt 0:00:13]} 75. Kf4 {[%emt 0:00:31]} Ke6 {[%emt 0:00:05]} 76. Ke4 {[%emt 0:00:02]} Nf5 {[%emt 0:00:10]} 77. Be5 {[%emt 0:00:21]} Ne7 {[%emt 0:00:13]} 78. Na5 {[%emt 0:00:09]} Ng8 {[%emt 0:00:28]} 79. Nb7 {[%emt 0:00:23]} Nf6+ {[%emt 0:00:23]} 80. Kd4 {[%emt 0:00:04]} Nd7 {[%emt 0:00:26]} 81. Bg3 {[%emt 0:00:41]} Nf6 {[%emt 0:00:09]} 82. Nc5+ {[%emt 0:00:09]} 1/2-1/2

[Event "USA-ch Junior Girls 2018"]
[Site "Saint Louis"]
[Date "2018.07.21"]
[Round "9"]
[White "Morris-Suzuki, Sophie"]
[Black "Vittal, Sanjana"]
[Result "1-0"]
[WhiteElo "1980"]
[BlackElo "1947"]
[Annotator "NA RC"]
[PlyCount "101"]
[EventDate "2018.07.12"]
[EventType "tourn"]
[EventCountry "USA"]
[SourceTitle "playchess.com"]
[Source "ChessBase"]
[SourceQuality "1"]
[TimeControl "40/5400+30:1800+30"]

1. d4 {[%emt 0:00:00]} d5 {[%emt 0:00:04]} 2. c4 {[%emt 0:00:00]} e6 {[%emt 0:00:04]} 3. Nc3 {[%emt 0:00:00]} Bb4 {[%emt 0:00:09]} 4. a3 {[%emt 0:00:08]} Bxc3+ {[%emt 0:00:06]} 5. bxc3 {[%emt 0:00:07]} Nf6 {[%emt 0:00:09]} 6. e3 {[%emt 0:00:42]} c6 {[%emt 0:00:31]} 7. Bd3 {[%emt 0:01:44]} O-O {[%emt 0:01:23]} 8. cxd5 {[%emt 0:01:57]} exd5 {[%emt 0:01:23]} 9. f3 {[%emt 0:00:11]} Re8 {[%emt 0:03:08]} 10. Ne2 {[%emt 0:00:20]} b6 {[%emt 0:05:45]} 11. O-O {[%emt 0:00:36] E27: Nimzo-Indian: Sämisch: 5...0-0 6 f3} Ba6 {[%emt 0:01:11]} 12. Ng3 {[%emt 0:00:45]} c5 {[%emt 0:08:21]} 13. Ra2 {[%emt 0:00:37]} Bxd3 {[%emt 0:06:19]} 14. Qxd3 {[%emt 0:00:10]} Nc6 {[%emt 0:00:14]} 15. Re2 {[%emt 0:06:19]} Qd7 {[%emt 0:06:15]} 16. Bb2 {[%emt 0:32:35]} Rad8 {[%emt 0:05:49]} 17. Nf5 $146 {[%emt 0:01:43]} ({Predecessor:} 17. Rd1) 17... Ne7 {[%emt 0:07:45]} 18. Ng3 {[%emt 0:01:52]} h5 {[%emt 0:06:57]} 19. e4 {[%emt 0:02:42]} h4 {[%emt 0:02:20]} 20. Nh1 {[%emt 0:01:06]} Ng6 {[%emt 0:01:42]} 21. Ree1 {[%emt 0:05:20]} Nh5 {[%emt 0:09:48]} 22. Nf2 {[%emt 0:02:06]} Nhf4 {[%emt 0:01:38]} 23. Qd2 {[%emt 0:00:52]} Qc7 {[%emt 0:15:20]} 24. Ng4 {[%emt 0:03:55]} c4 {[%emt 0:05:18]} 25. Nf2 {[%emt 0:02:11]} Qe7 {[%emt 0:01:27]} 26. Nh3 {[%emt 0:09:32] [#]} (26. Bc1 $15) 26... Nxh3+ $1 {[%emt 0:00:25]} 27. gxh3 {[%emt 0:00:01]} Qd7 {[%emt 0:00:52]} ({Besser ist} 27... dxe4 $17 28. Rxe4 {[#]} Ne5 $1 {[%mdl 512]}) 28. Kg2 {[%emt 0:00:35]} (28. e5 $17) 28... Qc6 {[%emt 0:01:33]} 29. e5 {[%emt 0:00:57]} Qe6 {[%emt 0:00:23]} 30. Qg5 {[%emt 0:00:43]} Qe7 {[%emt 0:05:11]} 31. Qg4 {[%emt 0:00:01]} Qd7 {[%emt 0:00:35]} 32. f4 {[%emt 0:00:01]} Qxg4+ {[%emt 0:01:44]} 33. hxg4 {[%emt 0:00:01]} f5 {[%emt 0:01:15]} 34. gxf5 {[%emt 0:03:04]} Ne7 {[%emt 0:00:06]} 35. f6 {[%emt 0:00:01]} gxf6 {[%emt 0:00:07]} 36. f5 {[%emt 0:00:01]} Kf7 {[%emt 0:01:15]} 37. e6+ {[%emt 0:06:17]} Kg7 {[%emt 0:00:21]} 38. a4 {[%emt 0:00:01]} Rh8 {[%emt 0:01:22]} 39. Ba3 {[%emt 0:02:45]} Rde8 {[%emt 0:00:09]} 40. Kh3 {[%emt 0:00:00]} Rh5 {[%emt 0:00:54]} 41. Rg1+ {[%emt 0:03:14]} Rg5 {[%emt 0:04:51]} 42. Bxe7 {[%emt 0:01:28]} Rxe7 {[%emt 0:00:36]} 43. Kxh4 {[%emt 0:00:30]} Rxg1 {[%emt 0:01:23]} 44. Rxg1+ {[%emt 0:00:02]} Kf8 {[%emt 0:00:24]} 45. Rg6 {[%emt 0:06:07]} Rh7+ {[%emt 0:00:18]} 46. Kg4 {[%emt 0:02:04]} Ke7 {[%emt 0:00:15]} 47. h4 {[%emt 0:00:55]} a5 {[%emt 0:06:01]} 48. h5 {[%emt 0:00:29]} b5 {[%emt 0:00:07]} 49. axb5 {[%emt 0:03:16]} a4 {[%emt 0:00:52]} 50. h6 {[%emt 0:02:34]} Kd6 {[%emt 0:00:28]} 51. Rg7 {[%emt 0:00:37]} 1-0